000 00803cab a2200265 4500
001 WB3326-09
008 090401t1997 xxu||||| |||| 00| 0 eng d
035 _a(Sirsi) u79390
041 _aeng
245 _aOn-line with the devolution message
260 _c1997
350 _a0
490 _aScottish Office News Release
_v(706) 30 June 1997 (1)
520 _aA web site for the Scottish Office has been launched giving up-to-date information about government plans for a Scottish Parliament. http://www.scottish-devolution.org.uk
650 _aDEVOLUTION
650 _aINTERNET
650 _aREFORM
650 _aSCOTLAND
650 _aSCOTTISH OFFICE
650 _aSCOTTISH PARLIAMENT
650 _aWEB SITE
690 _aECONOMIC AND SOCIAL
942 _n0
948 _c02/07/1997
999 _c49899
_d49899